| 000 | 00427nam a2200157Ia 4500 | ||
|---|---|---|---|
| 008 | 210716s2008 xx 000 0 und d | ||
| 020 | _a9780470233962 | ||
| 041 | _aeng | ||
| 082 | _a574.192 VOED | ||
| 100 | _aVoet, Donald; Voet, Judith G; Pratt, Charlotte W. | ||
| 245 | _aPrinciples of biochemistry. | ||
| 250 | _a3 | ||
| 260 |
_bJohn Wiley & sons _c2008 |
||
| 300 | _axxx,1099,SP-31,G-31,I-48 | ||
| 650 | _aBiochemistry | ||
| 999 |
_c189021 _d189021 |
||